[Event "20th Dubai Open 2018"]
[Site "Dubai UAE"]
[Date "2018.04.04"]
[Round "3.10"]
[White "Karthik, Venkataraman"]
[Black "Gupta, Abhijeet"]
[Result "1/2-1/2"]
[WhiteTitle "FM"]
[BlackTitle "GM"]
[WhiteElo "2470"]
[BlackElo "2617"]
[WhiteFideId "25006479"]
[BlackFideId "5010608"]
[EventDate "2018.04.02"]

1. Nf3 Nf6 2. c4 g6 3. Nc3 d5 4. cxd5 Nxd5 5. Qb3 Nb6 6. d4 Bg7 7. Bf4 Be6 8.
Qa3 Nc6 9. e3 a5 10. Qc5 O-O 11. Be2 a4 12. Nb5 Nd5 13. Bg3 Ncb4 14. e4 Na6 15.
Qc1 Nf6 16. Nc3 c6 17. O-O Qa5 18. Rd1 b5 19. Ng5 b4 20. Nxe6 fxe6 21. e5 bxc3
22. exf6 cxb2 23. Qxb2 Bxf6 24. Bf3 Nb4 25. Qe2 Kh8 26. a3 Nd5 27. Qxe6 Nc3 28.
Rd3 Nd5 29. Qxc6 Rfd8 30. h4 Qa6 31. Qc2 Rac8 32. Qd2 Qc4 33. Be4 Nc3 34. Bb7
Rxd4 35. Rxd4 Qxd4 36. Qxd4 Bxd4 37. Re1 Re8 38. Bc6 Rc8 39. Bd7 Rd8 40. Rxe7
Bf6 41. Rf7 Ne2+ 42. Kh2 Nxg3 43. Rxf6 Kg7 44. Ra6 Rxd7 45. Kxg3 Rd3+ 46. Kf4
Rxa3 47. Ra7+ Kg8 48. g4 h5 49. f3 Kf8 50. gxh5 gxh5 51. Ra5 Ra1 52. Rxh5 a3 53.
Rf5+ Kg7 54. Rg5+ Kf6 55. Rg2 Rb1 56. Ra2 Rb4+ 57. Ke3 Ke5 1/2-1/2

[Event "20th Dubai Open 2018"]
[Site "Dubai UAE"]
[Date "2018.04.04"]
[Round "3.11"]
[White "Iniyan, P"]
[Black "Zubov, Alexander"]
[Result "0-1"]
[WhiteTitle "IM"]
[BlackTitle "GM"]
[WhiteElo "2466"]
[BlackElo "2606"]
[WhiteFideId "25002767"]
[BlackFideId "14109409"]
[EventDate "2018.04.02"]

1. d4 Nf6 2. c4 g6 3. f3 d5 4. cxd5 Nxd5 5. e4 Nb6 6. Nc3 Bg7 7. Be3 O-O 8. Qd2
e5 9. d5 c6 10. O-O-O cxd5 11. exd5 N8d7 12. Nh3 Nf6 13. Nf2 Bd7 14. Nfe4 Nxe4
15. Nxe4 Na4 16. g4 f5 17. gxf5 gxf5 18. Nc3 f4 19. Bf2 Rc8 20. Kb1 Nxc3+ 21.
bxc3 Qa5 22. Kb2 Kh8 23. Rg1 Bf6 24. c4 Qa4 25. Re1 b5 26. Qc3 bxc4 27. Ka1 Rb8
28. Bxc4 Qc2 29. Qxc2 e4+ 30. Qb2 Bxb2+ 31. Kb1 e3 0-1

[Event "20th Dubai Open 2018"]
[Site "Dubai UAE"]
[Date "2018.04.04"]
[Round "3.12"]
[White "Tabatabaei, M.amin"]
[Black "Chakravarthi Reddy, M"]
[Result "1/2-1/2"]
[WhiteTitle "IM"]
[BlackTitle "IM"]
[WhiteElo "2605"]
[BlackElo "2442"]
[WhiteFideId "12521213"]
[BlackFideId "25009532"]
[EventDate "2018.04.02"]

1. e4 e6 2. d4 d5 3. Nd2 Nf6 4. e5 Nfd7 5. Bd3 c5 6. c3 Nc6 7. Ne2 f6 8. exf6
Nxf6 9. Nf3 Bd6 10. O-O Qc7 11. g3 O-O 12. Bf4 e5 13. dxe5 Nxe5 14. Nxe5 Bxe5
15. Bxe5 Qxe5 16. Nf4 Bg4 17. f3 Bd7 18. Re1 Qd6 19. Qd2 Rae8 20. Kg2 Bc6 21.
Bf5 d4 22. cxd4 cxd4 23. Qd3 g6 24. Bxg6 hxg6 25. Qxg6+ Kh8 26. Qh6+ Kg8 27.
Qg5+ Kh7 28. Qf5+ Kg8 29. Qg5+ Kh7 30. Qf5+ Kg8 31. Ne6 Bxf3+ 32. Kg1 Qd7 33.
Qg5+ Kh8 34. Qh4+ Qh7 35. Nxf8 Rxf8 36. Qxd4 Qc2 37. Qf2 Qxf2+ 38. Kxf2 Ng4+ 39.
Kg1 Bc6 40. Rf1 Rxf1+ 41. Rxf1 Ne5 42. h4 Kg7 43. Rf5 Nd3 44. b3 Nc1 45. Rf2 Nd3
46. Rf5 Nc1 47. Rf2 Nd3 48. Re2 Kf6 49. g4 Ne5 50. g5+ Kf5 51. Kf2 Kf4 52. b4
Nd3+ 53. Kg1 Ne5 54. Kf2 Nd3+ 55. Kf1 Ne5 56. Rc2 Kg4 57. Rc5 Ng6 58. b5 Be4 59.
Rc4 Kf3 60. Rc3+ Kg4 61. Kf2 Nxh4 62. Rc4 Kf4 63. a4 Ng6 64. a5 a6 65. b6 Ne5
66. Ra4 Kf5 67. Kg3 Bc6 68. Rd4 Kxg5 69. Kf2 Kf5 70. Rh4 Ke6 71. Ke3 Kd5 72. Rh5
Kd6 73. Kd4 Nf3+ 74. Kc4 Bb5+ 75. Kc3 Ne5 76. Rh6+ Kd5 77. Rh5 Bd7 78. Rh7 Kd6
79. Kb4 Nc6+ 80. Ka4 Ne7+ 81. Kb4 Nd5+ 82. Kc4 Ne7 83. Kb4 Nc6+ 84. Ka4 Ne5+ 85.
Kb4 Nd3+ 86. Kc3 Nc5 87. Kb4 Ke5 1/2-1/2

[Event "20th Dubai Open 2018"]
[Site "Dubai UAE"]
[Date "2018.04.04"]
[Round "3.13"]
[White "Volkov, Sergey"]
[Black "Sundararajan, Kidambi"]
[Result "1/2-1/2"]
[WhiteTitle "GM"]
[BlackTitle "GM"]
[WhiteElo "2598"]
[BlackElo "2436"]
[WhiteFideId "4122763"]
[BlackFideId "5005370"]
[EventDate "2018.04.02"]

1. c4 Nf6 2. d4 g6 3. Nc3 d5 4. Nf3 Bg7 5. Bg5 Ne4 6. Bh4 Nxc3 7. bxc3 dxc4 8.
e3 Be6 9. Rb1 O-O 10. Be2 Nd7 11. Ng5 Bd5 12. e4 h6 13. exd5 hxg5 14. Bxg5 Nb6
15. O-O Nxd5 16. Qd2 c5 17. Bxc4 cxd4 18. cxd4 Rc8 19. Bxd5 Qxd5 20. Bxe7 Rfe8
21. Bg5 Qxd4 22. Rxb7 Qxd2 23. Bxd2 Rc2 24. Be3 Rxa2 25. Bxa7 Rd8 26. g4 Bd4 27.
Bb8 Rb2 28. Rxb2 Bxb2 29. Bg3 Rc8 30. Kg2 Rc1 31. Rxc1 Bxc1 32. Kf3 f5 33. gxf5
gxf5 34. h4 Kg7 35. Bf4 Ba3 36. h5 Kf6 37. Ke2 Bc5 38. f3 Bb4 39. Kd3 Be1 40.
Kc4 Bf2 41. Kd5 Be1 42. Kd6 Bb4+ 43. Kd7 Bc5 44. Ke8 Bb4 45. Be3 Ba3 46. Bh6 Bb4
47. f4 Bc5 48. Bf8 Be3 49. Be7+ Kg7 50. Bg5 Bc5 51. Kd7 Kf7 52. Kc6 Ba7 53. Kd6
Bb8+ 54. Kd7 Ba7 55. Be7 Be3 56. Bg5 Ba7 57. Bh6 Bb8 58. Kc6 Kf6 59. Kb7 Bd6 60.
Kc8 Kf7 61. Bg5 Ke6 62. Bh6 Kf7 63. Kd8 Bb8 64. Bg5 Bd6 65. Kd7 Bb8 66. h6 Kg6
67. Ke7 Ba7 68. Kf8 Kh7 69. Kf7 Bd4 70. Bf6 Be3 71. Bg5 Bd4 72. Kf8 Bc3 73. Ke7
Kg6 74. Ke6 Bd4 1/2-1/2

[Event "20th Dubai Open 2018"]
[Site "Dubai UAE"]
[Date "2018.04.04"]
[Round "3.14"]
[White "Jones, Gawain C B"]
[Black "Tahbaz, Arash"]
[Result "1-0"]
[WhiteTitle "GM"]
[BlackTitle "IM"]
[WhiteElo "2675"]
[BlackElo "2434"]
[WhiteFideId "409561"]
[BlackFideId "12528846"]
[EventDate "2018.04.02"]

1. e4 Nf6 2. e5 Nd5 3. d4 d6 4. c4 Nb6 5. f4 dxe5 6. fxe5 Nc6 7. Be3 Bf5 8. Nc3
e6 9. Nf3 Be7 10. Be2 O-O 11. O-O f6 12. exf6 Bxf6 13. b3 Qe7 14. Qe1 e5 15.
Nxe5 Nxd4 16. Bxd4 Bxe5 17. Bxe5 Qxe5 18. Bf3 Qd4+ 19. Kh1 c6 20. Rd1 Qc5 21.
Ne4 Bxe4 22. Bxe4 Qg5 23. Qb4 Rxf1+ 24. Rxf1 Re8 25. Bf3 Qe7 26. Qa5 Nc8 27. Rd1
Qe3 28. h3 Ne7 29. Re1 Qf2 30. Qe5 Rf8 31. Qe6+ Kh8 32. Re2 Qf1+ 33. Kh2 Ng6 34.
Qe3 Qa1 35. Qxa7 Ne5 36. Be4 Qd1 37. Rf2 Re8 38. Qe3 Qd6 39. Qg3 b5 40. Bxc6
Qxc6 41. Qxe5 bxc4 42. bxc4 h6 43. Qd5 Qc7+ 44. g3 Qa7 45. c5 Rc8 46. Rc2 Qa5
47. Qc4 Qe1 48. c6 Rf8 49. Qe2 Qa5 50. c7 1-0

[Event "20th Dubai Open 2018"]
[Site "Dubai UAE"]
[Date "2018.04.04"]
[Round "3.15"]
[White "Akopian, Vladimir"]
[Black "Harsha, Bharathakoti"]
[Result "1/2-1/2"]
[WhiteTitle "GM"]
[BlackTitle "IM"]
[WhiteElo "2667"]
[BlackElo "2424"]
[WhiteFideId "13300032"]
[BlackFideId "5078776"]
[EventDate "2018.04.02"]

1. e4 e5 2. Nf3 Nc6 3. Bc4 Bc5 4. c3 Nf6 5. d3 d6 6. Bg5 h6 7. Bh4 g5 8. Bg3 Bb6
9. Nbd2 Qe7 10. Bb3 Nh5 11. Nc4 Nf4 12. Bxf4 gxf4 13. Qd2 f5 14. g3 Qh7 15. exf5
Bxf5 16. gxf4 Rf8 17. Rg1 Bxd3 18. Nxb6 axb6 19. O-O-O Be4 20. Nh4 O-O-O 21.
Be6+ Kb8 22. f5 Ne7 23. f4 Nxf5 24. Bxf5 Bxf5 25. fxe5 Be4 26. Ng2 Rfe8 27. exd6
Rxd6 28. Qf2 Rxd1+ 29. Rxd1 Qg8 30. Ne3 Qxa2 31. Nc2 Rg8 32. Rd4 Bh7 33. Rf4 Re8
34. Rf8 Qe6 35. Nd4 Qe4 36. Rxe8+ Qxe8 37. Kd2 h5 1/2-1/2

[Event "20th Dubai Open 2018"]
[Site "Dubai UAE"]
[Date "2018.04.04"]
[Round "3.16"]
[White "Kovalev, Vladislav"]
[Black "Viani, Antonio Dcunha"]
[Result "1/2-1/2"]
[WhiteTitle "GM"]
[BlackTitle "IM"]
[WhiteElo "2648"]
[BlackElo "2435"]
[WhiteFideId "13504398"]
[BlackFideId "5027330"]
[EventDate "2018.04.02"]

1. e4 e5 2. Nf3 Nc6 3. Bb5 a6 4. Ba4 Nf6 5. O-O b5 6. Bb3 Bc5 7. c3 d6 8. d4 Bb6
9. a4 Bg4 10. Bg5 Rb8 11. Bd5 Qd7 12. Bxf6 gxf6 13. Bxc6 Qxc6 14. Nxe5 dxe5 15.
Qxg4 exd4 16. Rd1 Rd8 17. axb5 axb5 18. g3 Ke7 19. Qe2 d3 20. Qf3 Rd6 21. Nd2
Rhd8 22. Kg2 Re6 23. Rdc1 Qc5 24. Re1 Kf8 25. h4 Rde8 26. Re3 f5 27. Rae1 fxe4
28. Rxe4 Rxe4 29. Rxe4 Rxe4 30. Nxe4 Qd5 31. Nd2 Qc5 32. h5 h6 33. Qf6 Qxh5 34.
Qd8+ Kg7 35. Qxd3 Qd1 36. b4 Kg8 37. Qd8+ Kg7 38. Qd5 Kg8 39. Qd3 Kg7 40. Qd5
Kg8 41. Qa8+ Kg7 42. Ne4 f5 43. Nc5 Bxc5 44. bxc5 Qd3 45. Qc6 Qe4+ 46. Qxe4 fxe4
47. Kh3 Kf6 48. Kg4 Ke5 49. Kh5 Kd5 50. Kxh6 Kc4 51. g4 Kxc3 52. g5 b4 53. g6 b3
54. g7 b2 55. g8=Q b1=Q 56. Qg7+ Kc4 57. Qf7+ Kxc5 58. Qxc7+ Kd5 59. Qd7+ Ke5
60. Qg7+ Kd5 1/2-1/2

[Event "20th Dubai Open 2018"]
[Site "Dubai UAE"]
[Date "2018.04.04"]
[Round "3.17"]
[White "Oleksiyenko, Mykhaylo"]
[Black "Dimakiling, Oliver"]
[Result "1/2-1/2"]
[WhiteTitle "GM"]
[BlackTitle "IM"]
[WhiteElo "2621"]
[BlackElo "2412"]
[WhiteFideId "4152417"]
[BlackFideId "5202248"]
[EventDate "2018.04.02"]

1. e4 e5 2. Nf3 d6 3. d4 Nf6 4. dxe5 Nxe4 5. Qd5 Nc5 6. Bg5 Qd7 7. exd6 Bxd6 8.
Nc3 Qe6+ 9. Be2 Qxd5 10. Nxd5 Ne6 11. Be3 Nc6 12. O-O-O h6 13. c3 O-O 14. Nh4
Ne7 15. Nxe7+ Bxe7 16. Nf5 Bg5 17. Bxg5 Nxg5 18. Ne7+ Kh8 19. Rhe1 Be6 20. f4
Rae8 21. fxg5 Rxe7 22. gxh6 Bxa2 23. Bf3 Rxe1 24. Rxe1 c6 25. Re7 Rb8 26. Bh5
Bd5 27. Bxf7 Bxg2 28. hxg7+ Kxg7 29. Re8 Rxe8 30. Bxe8 a5 31. Kd2 Kf6 32. Ke3
Ke5 33. h4 Bf1 34. h5 c5 35. Bg6 b5 36. Bc2 Bg2 37. h6 Kf6 38. Kf4 b4 39. c4 Bf1
40. h7 Kg7 41. Ke5 Bxc4 42. Kd6 Bd3 43. Bxd3 a4 44. Kxc5 a3 45. bxa3 bxa3 46.
Bb1 a2 47. Bxa2 Kxh7 48. Kd4 1/2-1/2

[Event "20th Dubai Open 2018"]
[Site "Dubai UAE"]
[Date "2018.04.04"]
[Round "3.18"]
[White "Maghsoodloo, Parham"]
[Black "Padmini, Rout"]
[Result "1/2-1/2"]
[WhiteTitle "GM"]
[BlackTitle "IM"]
[WhiteElo "2615"]
[BlackElo "2360"]
[WhiteFideId "12539929"]
[BlackFideId "5029295"]
[EventDate "2018.04.02"]

1. d4 Nf6 2. c4 e6 3. Nf3 d5 4. Nc3 c5 5. cxd5 Nxd5 6. e4 Nxc3 7. bxc3 cxd4 8.
cxd4 Bb4+ 9. Bd2 Bxd2+ 10. Qxd2 O-O 11. Bc4 Nd7 12. O-O b6 13. Rfe1 Bb7 14. Rad1
Rc8 15. Bd3 h6 16. Bb1 Re8 17. h3 b5 18. Nh2 e5 19. Ng4 Qb6 20. d5 Rc4 21. Ne3
Rd4 22. Qb2 Rxd1 23. Rxd1 g6 24. a3 h5 25. d6 Qc5 26. Qb3 a5 27. Ba2 Rf8 28. Qd3
b4 29. axb4 axb4 30. Nf5 gxf5 31. Qg3+ Kh7 32. Qg5 Bxe4 33. Qxh5+ Kg7 34. Qg5+
Kh7 35. Qh5+ Kg7 36. Qg5+ 1/2-1/2

[Event "20th Dubai Open 2018"]
[Site "Dubai UAE"]
[Date "2018.04.04"]
[Round "3.19"]
[White "Laxman, R.R."]
[Black "Flores, Diego"]
[Result "1/2-1/2"]
[WhiteTitle "GM"]
[BlackTitle "GM"]
[WhiteElo "2441"]
[BlackElo "2601"]
[WhiteFideId "5005361"]
[BlackFideId "108049"]
[EventDate "2018.04.02"]

1. d4 d6 2. e4 g6 3. Nf3 Bg7 4. Nc3 a6 5. a4 b6 6. Bc4 e6 7. O-O Ne7 8. Ne2 Bb7
9. Bd3 Nd7 10. c3 h6 11. Bd2 O-O 12. Qc1 Kh7 13. Re1 c5 14. Qb1 e5 15. dxe5 dxe5
16. Ng3 Nc8 17. Be3 Nd6 18. Nd2 b5 19. c4 b4 20. Qc2 Ne8 21. Nb3 Qe7 22. Be2 h5
23. Red1 Nef6 24. Bg5 Rfe8 25. Bf3 Nf8 26. Bxh5 Ne6 27. Bxf6 Qxf6 28. Bg4 Nd4
29. Qd3 Qe7 30. Na5 Rad8 31. Nxb7 Qxb7 32. Ne2 Nxe2+ 33. Qxe2 Rd4 34. Bf3 Red8
35. b3 Bh6 36. Rxd4 Rxd4 37. Rd1 Qd7 38. Rxd4 Qxd4 39. g3 1/2-1/2

[Event "20th Dubai Open 2018"]
[Site "Dubai UAE"]
[Date "2018.04.04"]
[Round "3.20"]
[White "Can, Emre"]
[Black "Charkhalashvili, Inga"]
[Result "1-0"]
[WhiteTitle "GM"]
[BlackTitle "WGM"]
[WhiteElo "2590"]
[BlackElo "2348"]
[WhiteFideId "6302181"]
[BlackFideId "13601431"]
[EventDate "2018.04.02"]

1. d4 d5 2. Nf3 Nf6 3. c4 e6 4. g3 dxc4 5. Bg2 Nc6 6. Qa4 Bb4+ 7. Bd2 Nd5 8.
Bxb4 Nxb4 9. O-O Rb8 10. Nc3 a6 11. Ne5 Qxd4 12. Bxc6+ Nxc6 13. Nxc6 bxc6 14.
Qxc6+ Qd7 15. Qxc4 Bb7 16. Rfd1 Qc6 17. Qxc6+ Bxc6 18. Rd2 Ke7 19. Rc1 Rhd8 20.
Rdc2 Rd7 21. Kf1 Rb7 22. f3 e5 23. b3 f6 24. Nd1 Bd5 25. Nb2 e4 26. Na4 Ra7 27.
Nc5 Rd6 28. fxe4 Ba8 29. Kf2 a5 30. Ke3 Rc6 31. Rc4 Rd6 32. Nd3 Kd8 33. g4 Re6
34. Nf4 Rd6 35. Nh5 c6 36. Ra4 g6 37. Nf4 Kc7 38. Nd3 Bb7 39. Nb2 Rd8 40. Nc4
Re8 41. Nxa5 f5 42. gxf5 gxf5 43. Rc5 fxe4 44. Rac4 Re6 45. Rh5 h6 46. Rxe4
Rxe4+ 47. Kxe4 Bc8 48. b4 Kb6 49. Nc4+ Kc7 50. Ra5 Rb7 51. a3 Be6 52. Kd4 Kb8
53. Ne5 Rc7 54. Kc5 Kb7 55. Kd6 Bh3 56. Ra7+ 1-0

[Event "20th Dubai Open 2018"]
[Site "Dubai UAE"]
[Date "2018.04.04"]
[Round "3.21"]
[White "Krysa, Leandro"]
[Black "Nikolova, Adriana"]
[Result "1-0"]
[WhiteTitle "GM"]
[BlackTitle "WGM"]
[WhiteElo "2543"]
[BlackElo "2308"]
[WhiteFideId "116807"]
[BlackFideId "2908689"]
[EventDate "2018.04.02"]

1. d4 d5 2. c4 c6 3. cxd5 cxd5 4. Bg5 h6 5. Bh4 Nc6 6. Nc3 a6 7. e3 g5 8. Bg3
Nf6 9. Bd3 Bg7 10. h4 Qb6 11. a3 Bg4 12. f3 Bd7 13. Nge2 Na5 14. b4 Nc4 15. Bxc4
dxc4 16. e4 g4 17. Be5 Kf8 18. Nf4 h5 19. O-O Ne8 20. Nfd5 Qg6 21. f4 f5 22. Qc2
Rc8 23. Rae1 Qf7 24. Ne3 e6 25. d5 Rh6 26. dxe6 Bxe6 27. exf5 Bd7 28. Rd1 Bc6
29. Ncd5 b5 30. Rfe1 Rd8 31. Bxg7+ Nxg7 32. f6 Ne6 33. Nf5 Rh8 34. Nde7 Rxd1 35.
Qxd1 Qxf6 36. Nxc6 Qxf5 37. Qd6+ Kg7 38. Qxe6 Qxe6 39. Rxe6 Rc8 40. Nd4 c3 41.
Nc2 Rd8 42. Kf2 g3+ 43. Kxg3 Rd2 44. Ne3 c2 45. Rc6 Rd3 46. Kf3 1-0

[Event "20th Dubai Open 2018"]
[Site "Dubai UAE"]
[Date "2018.04.04"]
[Round "3.22"]
[White "Tania, Sachdev"]
[Black "Deepan, Chakkravarthy J."]
[Result "0-1"]
[WhiteTitle "IM"]
[BlackTitle "GM"]
[WhiteElo "2407"]
[BlackElo "2499"]
[WhiteFideId "5007844"]
[BlackFideId "5011132"]
[EventDate "2018.04.02"]

1. d4 Nf6 2. c4 g6 3. Nc3 Bg7 4. e4 d6 5. f3 O-O 6. Nge2 c5 7. d5 e6 8. Ng3 exd5
9. cxd5 a6 10. a4 Nh5 11. Nxh5 gxh5 12. Bf4 Qh4+ 13. g3 Qe7 14. Qd2 Nd7 15. Be2
Ne5 16. O-O Bh3 17. Rf2 f5 18. exf5 Bxf5 19. Bh6 Rae8 20. a5 c4 21. Bxg7 Qxg7
22. Ne4 Bxe4 23. fxe4 Rxf2 24. Kxf2 Qg6 25. Kg1 h4 26. Qf4 Nf7 27. Bxc4 Rxe4 28.
Bd3 Rxf4 29. Bxg6 hxg3 30. hxg3 Rf3 31. Bxf7+ Kxf7 32. Kg2 Rb3 33. Rf1+ Kg6 34.
Re1 Rxb2+ 35. Kh3 Rb5 36. Re6+ Kf5 37. g4+ Kg5 38. Rxd6 h6 39. Rd7 Rb3+ 40. Kg2
Kxg4 41. d6 Kf5 42. Rh7 Ke6 43. Rxh6+ Kd7 44. Kf2 Kc6 45. Rh5 Rb5 46. Rh6 Rxa5
47. Ke3 Rd5 0-1

[Event "20th Dubai Open 2018"]
[Site "Dubai UAE"]
[Date "2018.04.04"]
[Round "3.23"]
[White "Venkatesh, M.R."]
[Black "Moksh, Amit Doshi"]
[Result "1-0"]
[WhiteTitle "GM"]
[WhiteElo "2487"]
[BlackElo "2297"]
[WhiteFideId "5005779"]
[BlackFideId "25064967"]
[EventDate "2018.04.02"]

1. e4 e6 2. d3 d5 3. Nd2 c5 4. Ngf3 Nc6 5. g3 Nf6 6. Bg2 Be7 7. O-O b6 8. Re1
Bb7 9. c3 Qc7 10. Nf1 d4 11. e5 Nd7 12. Qe2 b5 13. Bf4 O-O 14. h4 Nb6 15. Ng5 h6
16. Ne4 Rfd8 17. Nf6+ Kh8 18. Qh5 Bf8 19. Nh2 dxc3 20. Bxh6 gxh6 21. Nhg4 1-0

[Event "20th Dubai Open 2018"]
[Site "Dubai UAE"]
[Date "2018.04.04"]
[Round "3.24"]
[White "Nandhidhaa, PV"]
[Black "Darini, Pouria"]
[Result "0-1"]
[WhiteTitle "WIM"]
[BlackTitle "GM"]
[WhiteElo "2272"]
[BlackElo "2478"]
[WhiteFideId "5050847"]
[BlackFideId "12502200"]
[EventDate "2018.04.02"]

1. e4 c5 2. Nf3 d6 3. d4 cxd4 4. Nxd4 Nf6 5. Nc3 Nc6 6. f3 e5 7. Nb3 Be7 8. Be3
O-O 9. Qd2 Be6 10. O-O-O a5 11. Bb5 Qb8 12. Kb1 Rc8 13. g4 Ne8 14. Na4 Nc7 15.
Bxc6 bxc6 16. Nb6 a4 17. Nxa8 Qxa8 18. Nc1 d5 19. Nd3 d4 20. Bf2 f6 21. g5 fxg5
22. Bg3 Nb5 23. Ka1 c5 24. Nxe5 c4 25. h4 g4 26. Nxg4 c3 27. Qc1 Bb4 28. Be1
Bxg4 29. fxg4 Qxe4 30. Rf1 Qe2 31. Rf2 cxb2+ 32. Kxb2 Bc3+ 0-1

[Event "20th Dubai Open 2018"]
[Site "Dubai UAE"]
[Date "2018.04.04"]
[Round "3.25"]
[White "Santiago, Yago De Moura"]
[Black "Bharath, Subramaniyam H"]
[Result "1/2-1/2"]
[WhiteTitle "GM"]
[BlackTitle "CM"]
[WhiteElo "2476"]
[BlackElo "1997"]
[WhiteFideId "2103877"]
[BlackFideId "46634827"]
[EventDate "2018.04.02"]

1. d4 Nf6 2. Nf3 e6 3. c4 c5 4. Nc3 cxd4 5. Nxd4 a6 6. g3 Qc7 7. Bg2 Be7 8. O-O
O-O 9. Nb3 d6 10. Bf4 Nbd7 11. Rc1 Ne5 12. Nd2 Rb8 13. h3 b6 14. b3 Bb7 15. Nf3
Rfd8 16. Qd2 Rbc8 17. Rfd1 Qb8 18. Be3 Nxf3+ 19. exf3 Bc6 20. Qd4 Nd7 21. Ne4
Nc5 22. b4 d5 23. Bf4 Qb7 24. Nd6 Bxd6 25. Bxd6 Rxd6 26. bxc5 bxc5 27. Qxc5 Rdd8
28. Qa5 Qa8 29. f4 d4 30. Bf1 Be4 31. c5 d3 32. Rd2 h6 33. Rc3 Qb7 34. Qa4 Bg6
35. c6 Qb6 36. Bg2 Qb1+ 37. Qd1 Qb6 38. Qc1 Rd6 39. Qa3 Qd4 40. Qc5 f6 41. Bf3
Qxc5 42. Rxc5 Be8 43. c7 Rd7 44. Rc6 Rdxc7 45. Rxc7 Rxc7 46. Rxd3 Bb5 47. Rd2
Kf7 48. Kh2 Rc1 49. g4 Rc4 50. f5 Rc3 51. Be4 exf5 52. Bxf5 Rc5 53. Bc2 Ke7 54.
Bb3 1/2-1/2

[Event "20th Dubai Open 2018"]
[Site "Dubai UAE"]
[Date "2018.04.04"]
[Round "3.26"]
[White "Amin, Bassem"]
[Black "Blagojevic, Tijana"]
[Result "1/2-1/2"]
[WhiteTitle "GM"]
[BlackTitle "WIM"]
[WhiteElo "2700"]
[BlackElo "2254"]
[WhiteFideId "10601457"]
[BlackFideId "16500270"]
[EventDate "2018.04.02"]

1. Nf3 d5 2. d3 Bg4 3. Nbd2 e6 4. h3 Bh5 5. g4 Bg6 6. Ne5 Nd7 7. Nxg6 hxg6 8.
Bg2 Bd6 9. c4 c6 10. d4 Ngf6 11. e3 Qe7 12. Qb3 Rb8 13. Qc2 g5 14. a3 Nf8 15. b4
Ng6 16. Bb2 O-O 17. Bf1 e5 18. Nf3 Ne4 19. Be2 Rbd8 20. Rd1 Qf6 21. O-O Nh4 22.
Nxe5 Qh6 23. cxd5 cxd5 24. Kh2 f6 25. f3 fxe5 26. dxe5 Qe6 27. Rxd5 Nxf3+ 28.
Rxf3 Rxf3 29. Bxf3 Qxd5 30. Qxe4 1/2-1/2

[Event "20th Dubai Open 2018"]
[Site "Dubai UAE"]
[Date "2018.04.04"]
[Round "3.27"]
[White "Safarli, Eltaj"]
[Black "Karthik, Kumar Pradeep"]
[Result "1-0"]
[WhiteTitle "GM"]
[BlackTitle "CM"]
[WhiteElo "2653"]
[BlackElo "2191"]
[WhiteFideId "13402129"]
[BlackFideId "35045148"]
[EventDate "2018.04.02"]

1. e4 c5 2. Nf3 e6 3. d4 cxd4 4. Nxd4 Nc6 5. Nc3 Qc7 6. g3 a6 7. Bg2 Nf6 8. O-O
Be7 9. Re1 O-O 10. Nxc6 dxc6 11. e5 Nd5 12. Qg4 Rd8 13. Bh6 Bf8 14. Bg5 Be7 15.
h4 b5 16. Bh6 Bf8 17. h5 Kh8 18. Bg5 Be7 19. h6 Rg8 20. Qh4 Qd8 21. Bxe7 Qxe7
22. hxg7+ Rxg7 23. Qxe7 Nxe7 24. a4 b4 25. Ne4 a5 26. Rad1 Nd5 27. c4 bxc3 28.
bxc3 Ba6 29. Rd4 Rgg8 30. c4 Nb4 31. Rd7 Rad8 32. Red1 Rxd7 33. Rxd7 Bxc4 34.
Nd6 Bd5 35. Bxd5 exd5 36. Nxf7+ Kg7 37. f4 Kf8 38. e6 Rxg3+ 39. Kh2 Re3 40. f5
Nc2 41. Ng5 Nd4 42. Nxh7+ Ke8 43. Nf6+ 1-0

[Event "20th Dubai Open 2018"]
[Site "Dubai UAE"]
[Date "2018.04.04"]
[Round "3.28"]
[White "Ramaraju, N"]
[Black "Efimenko, Zahar"]
[Result "0-1"]
[BlackTitle "GM"]
[WhiteElo "2175"]
[BlackElo "2634"]
[WhiteFideId "5012090"]
[BlackFideId "14107201"]
[EventDate "2018.04.02"]

1. Nf3 d6 2. d4 Bg4 3. c4 g6 4. Nc3 Bg7 5. e3 Nf6 6. Be2 O-O 7. O-O Na6 8. h3
Bf5 9. b3 Re8 10. Bb2 c6 11. a3 Qc8 12. Re1 e5 13. Bf1 e4 14. Nd2 h5 15. b4 Nc7
16. f3 d5 17. cxd5 Ncxd5 18. Nxd5 cxd5 19. Rc1 Qd7 20. f4 h4 21. Nb1 Nh5 22. Nc3
a6 23. Na4 Rad8 24. Nc5 Qe7 25. Qd2 Ng3 26. a4 Rd6 27. b5 g5 28. fxg5 Rg6 29.
Rc2 axb5 30. Bxb5 Rc8 31. Kf2 b6 32. Na6 Rxc2 33. Qxc2 Qxg5 34. Rg1 Bxh3 35. Bc1
Nf5 36. Qc7 Nd6 0-1

[Event "20th Dubai Open 2018"]
[Site "Dubai UAE"]
[Date "2018.04.04"]
[Round "3.30"]
[White "Abou El Zein, Eid Mahmoud"]
[Black "Haria, Ravi"]
[Result "0-1"]
[WhiteTitle "IM"]
[BlackTitle "IM"]
[WhiteElo "2156"]
[BlackElo "2441"]
[WhiteFideId "10600078"]
[BlackFideId "415820"]
[EventDate "2018.04.02"]

1. d4 e6 2. c4 d5 3. Nc3 Bb4 4. Nf3 Ne7 5. e3 c5 6. a3 Ba5 7. Qc2 cxd4 8. exd4
dxc4 9. Bxc4 Nbc6 10. Be3 Nf5 11. O-O-O Bxc3 12. bxc3 Nce7 13. Bd2 Bd7 14. Bd3
Rc8 15. Kb1 Nd6 16. Ka1 Nc4 17. Bxc4 Rxc4 18. Ne5 Ra4 19. Qb3 b5 20. Nd3 O-O 21.
Nb2 Ra6 22. Nd3 Bc6 23. Nc5 Bd5 24. Qb2 Rb6 25. f3 Nc6 26. Bf4 Na5 27. Qe2 Nc4
28. Bc1 a5 29. Nd3 Qd6 30. Nc5 b4 31. cxb4 axb4 32. a4 b3 33. Bb2 Ra8 34. Rd3
Rb4 35. Rc1 Qc6 36. Rcc3 Rbxa4+ 37. Nxa4 Qxa4+ 38. Kb1 Qa2+ 39. Kc1 Qa1+ 0-1

[Event "20th Dubai Open 2018"]
[Site "Dubai UAE"]
[Date "2018.04.04"]
[Round "3.31"]
[White "Raghunandan, Kaumandur Srihari"]
[Black "Christenson, Flemming"]
[Result "0-1"]
[WhiteTitle "IM"]
[BlackTitle "FM"]
[WhiteElo "2434"]
[BlackElo "2190"]
[WhiteFideId "25004964"]
[BlackFideId "1501925"]
[EventDate "2018.04.02"]

1. e4 e6 2. d4 d5 3. Nc3 Nf6 4. e5 Nfd7 5. f4 c5 6. Nf3 Be7 7. Be3 O-O 8. Qd2
Nc6 9. dxc5 Nxc5 10. O-O-O a6 11. Kb1 b5 12. Qf2 Na4 13. Nxa4 bxa4 14. Rd3 Rb8
15. Rc3 Bd7 16. Nd4 Qb6 17. b3 Qb7 18. Nxc6 Bxc6 19. Ba7 d4 20. Bxd4 Rfd8 21.
Bc5 Bxc5 22. Qxc5 Bxg2 23. Bxg2 Qxg2 24. Rg1 Qxh2 25. Rcg3 Rbc8 26. Rxg7+ Kh8
27. Qe3 Qxc2+ 28. Ka1 Rd1+ 29. Rxd1 Qxd1+ 30. Kb2 Kxg7 0-1